[Event "EU Union-ch U14 9th"]
[Site "Mureck"]
[Date "2011.08.09"]
[Round "7"]
[White "Nussbaumer, Vincent"]
[Black "Correia, Jose Otavio Jr"]
[Result "0-1"]
[WhiteElo "1868"]
[BlackElo "1684"]
[PlyCount "96"]
[EventDate "2011.08.03"]
[EventType "swiss"]
[EventRounds "9"]
[EventCountry "AUT"]
[SourceTitle "CBM 143 Extra"]
[Source "ChessBase"]
[SourceDate "2011.08.29"]
[SourceVersion "1"]
[SourceVersionDate "2011.08.29"]
[SourceQuality "1"]

1. e4 c5 2. c3 Nf6 3. e5 Nd5 4. d4 cxd4 5. Nf3 d6 6. exd6 Qxd6 7. Bc4 e6 8. Nxd4 a6 9. Nd2 b5 10. Bb3 Bb7 11. 0-0 Be7 12. a4 Nc6 13. N2f3 b4 14. c4 Nf6 15. h3 Rd8 16. Be3 0-0 17. Qc2 Rd7 18. Rad1 Qc7 19. Rfe1 Na5 20. Ba2 Be4 21. Qc1 Rc8 22. b3 e5 23. Ne2 Bxf3 24. gxf3 Rcd8 25. f4 exf4 26. Bxf4 Qb7 27. Ng3 Bc5 28. Nf5 Qf3 29. Rxd7 Rxd7 30. Bg3 Qxf5 31. Re5 Qf3 32. Kh2 Rd1 33. Rxc5 g6 34. Qxd1 Qxd1 35. Rxa5 Qc2 36. c5 Qxa2 37. c6 Qxb3 38. Rxa6 Nd5 39. Be5 f6 40. c7 Nxc7 41. Bxc7 Qc2 42. Bg3 b3 43. Ra8+ Kg7 44. Ra7+ Kh6 45. h4 b2 46. Bf4+ g5 47. hxg5+ fxg5 48. Ra6+ Kh5 0-1

[Event "EU Union-ch U14 9th"]
[Site "Mureck"]
[Date "2011.08.06"]
[Round "4"]
[White "Correia, Jose Otavio Jr"]
[Black "Vicas, Marijus"]
[Result "0-1"]
[WhiteElo "1684"]
[BlackElo "1943"]
[PlyCount "86"]
[EventDate "2011.08.03"]
[EventType "swiss"]
[EventRounds "9"]
[EventCountry "AUT"]
[SourceTitle "CBM 143 Extra"]
[Source "ChessBase"]
[SourceDate "2011.08.29"]
[SourceVersion "1"]
[SourceVersionDate "2011.08.29"]
[SourceQuality "1"]

1. d4 Nf6 2. c4 g6 3. Nc3 d5 4. Bf4 Bg7 5. e3 0-0 6. Nf3 c6 7. Bd3 Nbd7 8. 0-0 dxc4 9. Bxc4 Nb6 10. Be2 Nfd5 11. Bg3 a5 12. e4 Nb4 13. a3 Na6 14. h3 Be6 15. Bf4 Rc8 16. Rc1 Nc4 17. Rc2 b5 18. b3 Nxa3 19. Ra2 Nb8 20. Rxa3 b4 21. Ra1 bxc3 22. Rc1 Qb6 23. Rxc3 Rfd8 24. Rd3 Na6 25. Be3 Qb7 26. Ng5 Bd7 27. f4 h6 28. Nf3 Be6 29. g4 Rb8 30. Qe1 Nb4 31. Rc3 Na2 32. Rd3 Nb4 33. Rc3 c5 34. Rxc5 Qxe4 35. Qd2 Bxb3 36. Rxa5 Nc2 37. Kf2 Nxd4 38. Bxd4 Bxd4+ 39. Nxd4 Rxd4 40. Qc3 Qxf4+ 41. Bf3 Rd2+ 42. Ke1 Rc2 43. Qd3 Qb4+ 0-1

[Event "POR-chT 52nd"]
[Site "Vila Nova de Gaia"]
[Date "2010.07.31"]
[Round "8.4"]
[White "Spraggett, Kevin"]
[Black "Correia, Jose Otavio Jr"]
[Result "1-0"]
[WhiteElo "2575"]
[BlackElo "1656"]
[PlyCount "49"]
[EventDate "2010.07.24"]
[EventType "team-tourn"]
[EventRounds "9"]
[EventCountry "POR"]
[SourceTitle "EXT 2011"]
[Source "ChessBase"]
[SourceDate "2010.11.26"]
[SourceVersion "1"]
[SourceVersionDate "2010.11.26"]
[SourceQuality "1"]
[WhiteTeam "Diana"]
[BlackTeam "Santoantoniense"]
[WhiteTeamCountry "POR"]
[BlackTeamCountry "POR"]

1. e4 c5 2. Nf3 Nc6 3. Bb5 Nd4 4. Nxd4 cxd4 5. 0-0 a6 6. Ba4 b5 7. Bb3 e6 8. d3 d6 9. f4 g6 10. a4 Bb7 11. f5 exf5 12. exf5 d5 13. axb5 axb5 14. Rxa8 Bxa8 15. Qe1+ Be7 16. f6 Nxf6 17. Rxf6 Kd7 18. Rxf7 Re8 19. Bg5 h6 20. Rxe7+ Rxe7 21. Qxe7+ Qxe7 22. Bxe7 Kxe7 23. Nd2 Kd6 24. Nf3 Kc5 25. Ne5 1-0

[Event "POR-chT 52nd"]
[Site "Vila Nova de Gaia"]
[Date "2010.07.30"]
[Round "7.7"]
[White "Correia, Jose Otavio Jr"]
[Black "Silva, Fernando"]
[Result "0-1"]
[WhiteElo "1656"]
[BlackElo "2367"]
[PlyCount "28"]
[EventDate "2010.07.24"]
[EventType "team-tourn"]
[EventRounds "9"]
[EventCountry "POR"]
[SourceTitle "EXT 2011"]
[Source "ChessBase"]
[SourceDate "2010.11.26"]
[SourceVersion "1"]
[SourceVersionDate "2010.11.26"]
[SourceQuality "1"]
[WhiteTeam "Santoantoniense"]
[BlackTeam "Alekhine"]
[WhiteTeamCountry "POR"]
[BlackTeamCountry "POR"]

1. d4 g6 2. c4 Bg7 3. Nc3 d6 4. e4 Nc6 5. Be3 e5 6. dxe5 dxe5 7. Nf3 Nd4 8. c5 Ne7 9. Bb5+ c6 10. Ba4 0-0 11. h3 Qa5 12. Nxd4 exd4 13. Bxd4 Rd8 14. e5 Nf5 0-1

[Event "Brazil Imperatriz op"]
[Site "Brazil"]
[Date "2002.07.28"]
[Round "6"]
[White "Correia, Jose Otavio Jr"]
[Black "Silveira Filho, Neri da Silva"]
[Result "0-1"]
[WhiteElo "1927"]
[BlackElo "2239"]
[PlyCount "74"]
[EventDate "2002.07.??"]
[EventType "swiss"]
[EventRounds "7"]
[EventCountry "BRA"]
[SourceTitle "EXT 2006"]
[Source "ChessBase"]
[SourceDate "2005.11.24"]
[SourceVersion "1"]
[SourceVersionDate "2005.11.24"]
[SourceQuality "1"]

1. Nf3 Nf6 2. d4 g6 3. g3 Bg7 4. Bg2 0-0 5. 0-0 d6 6. c4 Nc6 7. Nc3 a6 8. e4 Rb8 9. h3 b5 10. Qe2 Nd7 11. Rd1 e5 12. Be3 bxc4 13. Qxc4 Rb4 14. Qe2 exd4 15. a3 dxc3 16. axb4 cxb2 17. Ra3 Re8 18. Qc4 Nde5 19. Nxe5 Nxe5 20. Qc2 Be6 21. Rxa6 Qc8 22. Ra7 Bxh3 23. Rxc7 Qg4 24. Kf1 Bxg2+ 25. Kxg2 Qf3+ 26. Kg1 Ng4 27. Re1 Be5 28. Ba7 Bxg3 29. fxg3 Qxg3+ 30. Kf1 Nh2+ 31. Ke2 d5 32. Rc3 Qg4+ 33. Kf2 Qh4+ 34. Rg3 Ng4+ 35. Kf3 dxe4+ 36. Kf4 Qf6+ 37. Kxg4 Qf5+ 0-1